000
00301nam a2200109Ia 4500
008
200302s9999 xx 000 0 und d
100
_a
Klaus-Peter Gast
245
_a
Living Plans New Concepts for Advanced Housing
260
_b
Birkhauser-Publishers for Architecure
260
_c
2005
300
_a
240 P.,
999
_c
2612
_d
2612